| 000 | 01523nam a2200349 c 4500 | ||
|---|---|---|---|
| 999 |
_c78063 _d78063 |
||
| 003 | BLK | ||
| 005 | 20201219110553.0 | ||
| 008 | 180408b bul|||||r ||||||| ||bul|| | ||
| 010 | _aKNG00082528000 | ||
| 020 | _a978-954-92061-2-8 | ||
| 040 | _aBLK | ||
| 041 |
_aBUL _cBUL |
||
| 080 |
_aМетоди на управление. Мениджмънт. Анализи, планиране, ръководство, сътрудничество, контрол, коопериране и др. _b005.5 _z005.5 |
||
| 139 |
_aУправление на времето _bУ 73 |
||
| 245 | 1 | 0 |
_aУправление на времето _bЕкспертни отговори на ежедневни предизвикателства _cпрев. от англ. Ралица Бойчева Кариева. |
| 257 | _aUSA | ||
| 260 |
_bМениджър _c2007 _fСофия : Манта Принт |
||
| 300 |
_a91 с. _c18 см |
||
| 380 | _a0 | ||
| 490 | 1 |
_aСерия Джобен наставник _v2 |
|
| 500 | _aОриг. загл. Managing Time. - Библиогр. с. 87-91. | ||
| 504 | _a87-91 | ||
| 650 | 4 |
_aМениджмънт _9161870 |
|
| 653 | _aмениджмънт | ||
| 653 | _aуправленски решения | ||
| 700 | 1 |
_aКариева, Ралица Бойчева _eпрев. от англ. _977094 |
|
| 852 | _aЦб І 32976 | ||
| 856 | 4 | _qpdf | |
| 856 | 4 | _qpdf | |
| 942 |
_cKNG _n0 _07 _s1 |
||
| 944 |
_aCR _c20.03.2008 _kЛюдмила_Стоянова |
||
| 944 |
_aED _c20.10.2008 |
||
| 999 | _d78063 | ||